[Event "RSA-chT U14"]
[Site "Cape Town"]
[Date "2016.01.07"]
[Round "7.4"]
[White "Millard, Chad"]
[Black "Mabuse, Katlego"]
[Result "1-0"]
[WhiteElo "1447"]
[BlackElo "808"]
[PlyCount "45"]
[EventDate "2016.01.04"]
[EventType "team-tourn"]
[EventRounds "7"]
[EventCountry "RSA"]
[SourceTitle "CBM 170 Extra"]
[Source "ChessBase"]
[SourceDate "2016.02.25"]
[SourceVersion "1"]
[SourceVersionDate "2016.02.25"]
[SourceQuality "1"]
[WhiteTeam "Ethekwini"]
[BlackTeam "Bojanala Platina"]
[WhiteTeamCountry "RSA"]
[BlackTeamCountry "RSA"]

1. d4 d5 2. Bf4 Bf5 3. e3 e6 4. c4 c6 5. Nc3 Bd6 6. Bxd6 Qxd6 7. Qb3 Qc7 8. Nf3 Nh6 9. Be2 0-0 10. 0-0 Nd7 11. cxd5 cxd5 12. Rac1 a6 13. Nxd5 Qb8 14. Ne7+ Kh8 15. Nxf5 Nxf5 16. Bc4 Nh6 17. Rc3 Qc7 18. Rfc1 Nb8 19. h3 a5 20. Bxe6 Nc6 21. d5 fxe6 22. dxc6 bxc6 23. Rxc6 1-0

[Event "RSA-chT U14"]
[Site "Cape Town"]
[Date "2016.01.05"]
[Round "3.4"]
[White "Mabuse, Katlego"]
[Black "Joule, Ethan"]
[Result "0-1"]
[WhiteElo "808"]
[BlackElo "1315"]
[PlyCount "64"]
[EventDate "2016.01.04"]
[EventType "team-tourn"]
[EventRounds "7"]
[EventCountry "RSA"]
[SourceTitle "CBM 170 Extra"]
[Source "ChessBase"]
[SourceDate "2016.02.25"]
[SourceVersion "1"]
[SourceVersionDate "2016.02.25"]
[SourceQuality "1"]
[WhiteTeam "Bojanala Platina"]
[BlackTeam "Johannesburg Metro"]
[WhiteTeamCountry "RSA"]
[BlackTeamCountry "RSA"]

1. d4 d5 2. Bf4 Nf6 3. e3 e6 4. Nf3 c5 5. c3 Nc6 6. Nbd2 Be7 7. Be2 0-0 8. 0-0 b6 9. Bd3 Bb7 10. Bb1 cxd4 11. exd4 h6 12. Qc2 Bd6 13. Bg5 hxg5 14. Nxg5 g6 15. Ndf3 Kg7 16. Nh4 Qe8 17. Nxe6+ Qxe6 18. Nxg6 Rg8 19. g3 Qg4 20. Nh4 Ne7 21. f3 Qh3 22. Qd3 Kf8 23. Ng2 Rh8 24. Nh4 Rxh4 25. Qe2 Bxg3 26. Qg2 Qxh2+ 27. Qxh2 Rxh2 28. Bd3 Kg7 29. Rad1 Rg8 30. Rf2 Rxf2 31. Bf1 Kf8 32. a4 Bh4+ 0-1

[Event "RSA-chT U14"]
[Site "Cape Town"]
[Date "2016.01.05"]
[Round "4.4"]
[White "Marais, Dawid Jacobus"]
[Black "Mabuse, Katlego"]
[Result "1-0"]
[WhiteElo "1259"]
[BlackElo "808"]
[PlyCount "31"]
[EventDate "2016.01.04"]
[EventType "team-tourn"]
[EventRounds "7"]
[EventCountry "RSA"]
[SourceTitle "CBM 170 Extra"]
[Source "ChessBase"]
[SourceDate "2016.02.25"]
[SourceVersion "1"]
[SourceVersionDate "2016.02.25"]
[SourceQuality "1"]
[WhiteTeam "Tshwane"]
[BlackTeam "Bojanala Platina"]
[WhiteTeamCountry "RSA"]
[BlackTeamCountry "RSA"]

1. e4 e6 2. Nf3 d5 3. e5 f6 4. d4 a6 5. c4 c5 6. Be3 b6 7. Nc3 Bd7 8. dxc5 bxc5 9. cxd5 Qa5 10. Bc4 Bb5 11. Bxb5+ axb5 12. 0-0 b4 13. Ne2 Na6 14. dxe6 fxe5 15. Nxe5 Nc7 16. Qd7# 1-0